000 01635cam a22002058i 4500
999 _c38294
_d38294
020 _a9780367539993
041 _aeng-
082 0 0 _a142.7
_bROU-
245 0 4 _aThe Routledge handbook of phenomenology and phenomenological philosophy /
_cedited by Daniele De Santis, Burt Hopkins and Claudio Majolino.
260 _aUK :
_bRoutledge,
_c2021.
300 _axiii, 826p.
504 _aIncludes bibliographical references and index.
520 _a"Phenomenology was one of the twentieth century's major philosophical movements, and it continues to be a vibrant and widely studied subject today with relevance beyond philosophy in areas such as medicine and cognitive sciences. The Routledge Handbook of Phenomenology and Phenomenological Philosophy is an outstanding guide and reference source to this important and fascinating topic. Comprising seventy-five chapters by a team of international contributors, the Handbook offers unparalleled coverage of the subject, and is divided into five clear parts: Phenomenology and the History of Philosophy Issues and Concepts in phnomenology Major Figures in Phenomenology Intersections Phenomenology in the World. Essential reading for students and researchers in philosophy studying phenomenology, The Routledge Handbook of Phenomenology and Phenomenological Philosophy is also suitable for those in related disciplines such as psychology, religion, literature, sociology and anthropology"--
546 _aEnglish.
650 0 _aPhenomenology.
700 1 _aDe Santis, Daniele
_eeditor.
700 1 _aHopkins, Burt C.
_eeditor.
700 1 _aMajolino, Claudio
_eeditor.
942 _2ddc
_cBK